000
00289nam a22001337a 4500
008
170310b xxu||||| |||| 00| 0 eng d
020
_a
000000000000
041
_a
eng
080
_a
611
100
_a
6
101
_a
SHM
245
_a
ANATOMY AND PHYSIOLOGY
_c
FRUCHT, S.S
942
_2
udc
_c
BK
999
_c
7398
_d
7398